| 000 | 00747nam a2200217Ii 4500 | ||
|---|---|---|---|
| 003 | JO-AjNU | ||
| 008 | 230605s9999||||xx |||||||||||||| ||und|| | ||
| 017 | _a2002/8336 | ||
| 040 |
_aJO-AjNU _bara _erda _cJO-AjNU |
||
| 041 | _aara | ||
| 050 | 1 | 4 | _aJC143.M4.C8612.2002 |
| 100 | 3 |
_aكيرى ، باتريك ،زاريت ، أوسكار/ إمام ، عبد الفتاح إمام ، ترجمة , _eauthor _940191 |
|
| 245 | 0 | 0 | _aاقدم لك .. ماكياقللي .. |
| 250 | _aط1 | ||
| 264 | 3 | 1 | _aالقاهرة :المجلس الأعلى للثقافة ،2002 |
| 300 | _a180ص | ||
| 336 |
_atext _btxt _2rdacontent |
||
| 337 |
_aunmediated _bn _2rdamedia |
||
| 338 |
_avolume _bnc _2rdacarrier |
||
| 650 | 4 |
_aفلسفة المانية _940192 |
|
| 999 |
_aA17035 _c20603 _d20603 |
||